[Event "Wch U20 Girls"]
[Site "Buenos Aires"]
[Date "1993.??.??"]
[Round "?"]
[White "Kadimova, Ilaha"]
[Black "Larrachea, Enrique"]
[Result "1-0"]
[WhiteElo "2335"]
[BlackElo "2275"]

1.d4 Nf6 2.c4 d6 3.Nc3 g6 4.e4 Bg7 5.Be2 O-O 6.Nf3 e5 7.d5 c6 8.O-O Qc7 9.Bg5 a5
10.Nd2 Nbd7 11.a3 Re8 12.Rc1 h6 13.Be3 Nf8 14.b4 Bd7 15.c5 axb4 16.axb4 cxd5
17.exd5 Reb8 18.Nc4 dxc5 19.bxc5 Bf5 20.d6 Qd8 21.Nxe5 Ne4 22.Nxe4 Bxe4 23.Nc4 Nd7
24.Bf3 Bc6 25.Bxc6 bxc6 26.Qf3 Ra6 27.Rb1 Rba8 28.h3 Qc8 29.Rfe1 Qd8 30.Rb7 Qe8
31.Kh2 Qd8 32.Bxh6  1-0

[Event "Buenos Aires GEB op"]
[Site "Buenos Aires"]
[Date "1993.??.??"]
[Round "2"]
[White "Fabrega, Enrique"]
[Black "Laboranti, Alberto"]
[Result "1-0"]
[WhiteElo "2270"]
[BlackElo "2195"]

1.d4 Nf6 2.c4 g6 3.Nc3 Bg7 4.e4 d6 5.Be2 O-O 6.Nf3 e5 7.dxe5 dxe5 8.Qxd8 Rxd8
9.Bg5 c6 10.Nxe5 Re8 11.f4 h6 12.Bh4 Na6 13.Bf2 Nh5 14.Bxh5 Bxe5 15.fxe5 gxh5
16.O-O-O Bg4 17.Rd6 Rxe5 18.Bd4 Re6 19.Rd7 Rg6 20.Rxb7 Rd8 21.Bxa7 Bc8 22.Re7 Be6
23.b3 Nb4 24.Rg1 Rd3 25.a3 Rxc3+ 26.Kb2 Rc2+ 27.Kb1 Rd2 28.axb4 Kh7 29.Rc7 Re2
30.Rxc6 Rxe4 31.Kb2 Rg8 32.b5  1-0

[Event "Buenos Aires Najdorf op"]
[Site "Buenos Aires"]
[Date "1993.??.??"]
[Round "3"]
[White "Asensio, Enrique"]
[Black "Fraschini, Mariano"]
[Result "0-1"]
[WhiteElo "2275"]
[BlackElo "2320"]

1.d4 Nf6 2.c4 d6 3.Nc3 Nbd7 4.e4 e5 5.Nf3 g6 6.Be2 Bg7 7.O-O O-O 8.Be3 c6
9.dxe5 dxe5 10.Nd2 Qe7 11.Nb3 a5 12.Rc1 a4 13.Nd2 Nc5 14.b4 axb3 15.axb3 Rd8
16.Qc2 Ng4 17.Bxg4 Bxg4 18.f3 Be6 19.Ra1 Rac8 20.Rfd1 Bf6 21.Nf1 Bg5 22.Rxd8+ Rxd8
23.Rd1 Ra8 24.Bxg5 Qxg5 25.b4 Na6 26.b5 Nc5 27.bxc6 bxc6 28.Nd5 Ra4 29.Qf2 Rxc4
30.h4 Qd8 31.Nde3 Rd4 32.Rb1 Nd3 33.Qg3 Nf4 34.Kh2 c5 35.Kh1 c4 36.Rb2 c3
37.Rc2 Bb3 38.Rxc3 Ne2 39.Qe1 Nxc3 40.Qxc3 Qxh4+ 41.Kg1 Be6 42.Qb2 Qd8 43.Qb5 Qd6
44.Qe8+ Kg7 45.Ng3 Rd2 46.Nef5+ Bxf5 47.exf5 Qd4+  0-1

[Event "Buenos Aires Najdorf op"]
[Site "Buenos Aires"]
[Date "1993.??.??"]
[Round "3"]
[White "Casafus, Ruben"]
[Black "Fiorito, Fabian"]
[Result "1-0"]
[WhiteElo "2405"]
[BlackElo "2425"]

1.d4 Nf6 2.Nf3 g6 3.c4 Bg7 4.Nc3 O-O 5.e4 d6 6.Be2 e5 7.dxe5 dxe5 8.Qxd8 Rxd8
9.Bg5 c6 10.Nxe5 Re8 11.f4 Nh5 12.Bxh5 gxh5 13.Bh4 Nd7 14.Bg3 Nxe5 15.fxe5 Bxe5
16.Bxe5 Rxe5 17.O-O-O Be6 18.b3 Kf8 19.Rhf1 Ke7 20.Rf4 Rd8 21.Rxd8 Kxd8 22.Kd2 Ke7
23.Kd3 b5 24.cxb5 cxb5 25.Kd4 Rg5 26.g3 a5 27.e5 b4 28.Nd5+ Kd7 29.Nf6+ Kc6
30.Rf2 Rf5 31.Rc2+ Kb6 32.Nxh7 Rf1 33.Rd2 Bf5 34.Nf6 Ra1 35.Nxh5 Bb1 36.Nf4 Rxa2
37.Rxa2 Bxa2 38.Kc4 Bb1 39.h4 Kc6 40.g4 Kd7 41.g5 Ke7 42.h5 Ba2 43.h6 Kf8
44.Nh5 Bb1 45.Kb5 Bg6 46.Nf4 Bc2 47.Ka4 Kg8 48.Kxa5 Bxb3 49.Kxb4 Ba2 50.Kc5 Bb3
51.Kd6 Kf8 52.Nh5 Kg8 53.Ke7 Bc2 54.Nf6+ Kh8 55.Kxf7  1-0

[Event "Buenos Aires Najdorf op"]
[Site "Buenos Aires"]
[Date "1993.??.??"]
[Round "4"]
[White "Valerga, Diego"]
[Black "Garcia, Raimundo"]
[Result "1/2-1/2"]
[WhiteElo "2325"]
[BlackElo "2375"]

1.d4 Nf6 2.Nf3 g6 3.c4 Bg7 4.Nc3 O-O 5.e4 d6 6.Be2 e5 7.d5 a5 8.Bg5 h6 9.Bh4 Na6
10.Nd2 Qe8 11.a3 Bd7 12.b3 Nh7 13.f3 f5 14.Bf2 Nf6 15.Qc2 Qe7 16.Rb1 c5 17.dxc6 bxc6
18.b4 axb4 19.axb4 c5 20.b5 Nb4 21.Qd1 Ra3 22.Rb3 Rfa8 23.O-O f4 24.Rxa3 Rxa3
25.Qc1 Ra8 26.Qb2 Qd8 27.Nb3 Be8 28.Ra1 Nd7 29.Na2 Nxa2 30.Rxa2 Bf6 31.Be1 Qb8
32.Qa1 Rxa2 33.Qxa2 Bd8 34.Qa6 Nb6 35.Na5 Bc7 36.Nc6 Bxc6 37.bxc6 Qa8 38.Qb7 Qxb7
39.cxb7 Nd7 40.g3 Kf8 41.Bf1 Ke7 42.Bh3 Nb8 43.gxf4 exf4 44.Bd2 g5 45.Bg4 Nc6
46.Bc3  1/2-1/2

[Event "Buenos Aires Najdorf op"]
[Site "Buenos Aires"]
[Date "1993.??.??"]
[Round "5"]
[White "Restifa, Hector"]
[Black "Roca, Alfredo"]
[Result "0-1"]
[WhiteElo "2315"]
[BlackElo "2385"]

1.d4 Nf6 2.c4 g6 3.Nc3 Bg7 4.e4 d6 5.Nf3 O-O 6.Be2 e5 7.Be3 c6 8.d5 c5 9.Nd2 Ne8
10.g4 Bf6 11.Nf1 Bg5 12.Qd2 Bxe3 13.Nxe3 Qh4 14.O-O-O Na6 15.f4 exf4 16.Ng2 Qe7
17.Qxf4 Nb8 18.h4 Nd7 19.Ne3 Ne5 20.g5 f6 21.gxf6 Qxf6 22.Qxf6 Nxf6 23.Rdg1 Bd7
24.h5 Kf7 25.Rh2 Rg8 26.Rf2 Ke7 27.Rfg2 a6 28.a3 gxh5 29.Rxg8 Rxg8 30.Rxg8 Nxg8
31.Bxh5 Kf6 32.Kd2 Kg5 33.Be2 Kf4 34.b4 Nf6 35.bxc5 dxc5 36.Ng2+ Kg3 37.Ne1 h5
38.Bxh5 Nxh5 39.Ne2+ Kg4 40.Nd3 Nxd3 41.Kxd3 Nf4+  0-1

[Event "Buenos Aires Najdorf op"]
[Site "Buenos Aires"]
[Date "1993.??.??"]
[Round "5"]
[White "Saldano, Horacio"]
[Black "Celis, Gustavo"]
[Result "1-0"]
[WhiteElo "2295"]
[BlackElo "2225"]

1.d4 Nf6 2.c4 g6 3.Nc3 Bg7 4.e4 d6 5.Nf3 O-O 6.Be2 e5 7.dxe5 dxe5 8.Qxd8 Rxd8
9.Bg5 Rf8 10.Nd5 Nxd5 11.cxd5 c6 12.Bc4 b5 13.Bb3 Bb7 14.Rc1 a5 15.a3 a4
16.Ba2 Rc8 17.Be3 h6 18.O-O Nd7 19.dxc6 Rxc6 20.Rxc6 Bxc6 21.Rd1 Nf8 22.Bd5 Rd8
23.Bxf7+ Kxf7 24.Rxd8 Bxe4 25.Nd2 Bf5 26.Rd5 Bd7 27.Nb1 e4 28.Nc3 b4 29.axb4 a3
30.Bd4 a2 31.Nxa2 Be6 32.Nc3 Bxd5 33.Bxg7 Kxg7 34.Nxd5 Nd7 35.Nc3 Kf6 36.Nxe4+ Ke5
37.Nc5 Nb6 38.g3 Kd4 39.b3 Nd5 40.Ne6+ Kc3 41.Nf4 Nxf4 42.gxf4 Kxb4 43.Kg2 Kxb3
44.Kf3 Kc3 45.Ke4  1-0

[Event "Caceres op"]
[Site "Caceres"]
[Date "1993.??.??"]
[Round "8"]
[White "Lezcano Jaen, Pedro"]
[Black "Garcia Luque, Agustin"]
[Result "1-0"]
[WhiteElo "2260"]
[BlackElo "2345"]

1.Nf3 Nf6 2.c4 g6 3.Nc3 d6 4.d4 Bg7 5.e4 O-O 6.Be2 Nbd7 7.O-O e5 8.Re1 Re8
9.d5 a5 10.Bf1 Nc5 11.Rb1 Rf8 12.g3 Ne8 13.Nh4 g5 14.Nf5 Bxf5 15.exf5 h6
16.Bd3 Bf6 17.Be3 b6 18.Bc2 Kg7 19.Qd2 Rh8 20.f3 Be7 21.Kg2 f6 22.Rh1 Kf7
23.h4 Ng7 24.g4 Qd7 25.Rh3 Rag8 26.Rbh1 gxh4 27.Kf2 h5 28.Rxh4 Qc8 29.Bxc5 dxc5
30.Ne4 hxg4 31.fxg4 Bd6 32.Rh7 Qf8 33.Qh6 Rxh7 34.Qxf6+ Ke8 35.Ba4+  1-0

[Event "Calcutta op"]
[Site "Calcutta"]
[Date "1993.??.??"]
[Round "2"]
[White "Murugan, Krishnamoorthy"]
[Black "Negi, V S."]
[Result "1-0"]
[WhiteElo "2410"]
[BlackElo "2280"]

1.d4 Nf6 2.c4 g6 3.Nc3 Bg7 4.e4 d6 5.Nf3 O-O 6.Be2 e5 7.O-O Na6 8.Be3 Ng4
9.Bg5 f6 10.Bc1 c6 11.a3 Nh6 12.dxe5 dxe5 13.b4 Qxd1 14.Rxd1 Nf7 15.Be3 Nc7
16.Nd2 Ne6 17.Nb3 f5 18.f3 Re8 19.Bf1 f4 20.Bf2 g5 21.Na4 g4 22.Bh4 Nd4 23.Nxd4 exd4
24.Bf2 Ne5 25.Bxd4 gxf3 26.h3 fxg2 27.Kxg2 b6 28.Rac1 Be6 29.Nb2 Bf7 30.Bc3 Bh5
31.Rd6 Bf3+ 32.Kf2 Bxe4 33.c5 b5 34.Bd3 Bxd3  1-0

[Event "Calcutta op"]
[Site "Calcutta"]
[Date "1993.??.??"]
[Round "2"]
[White "King, Daniel J"]
[Black "Quader, Ziaul"]
[Result "0-1"]
[WhiteElo "2500"]
[BlackElo "2210"]

1.c4 Nf6 2.Nc3 g6 3.e4 d6 4.d4 Bg7 5.Be2 O-O 6.Nf3 e5 7.O-O Na6 8.Rb1 Qe8
9.dxe5 dxe5 10.b4 c6 11.Ba3 Qe7 12.Qc1 Nc7 13.Re1 Bg4 14.h3 Bxf3 15.Bxf3 Rfd8
16.c5 Rd3 17.Qc2 Rxf3 18.gxf3 Bh6 19.f4 Bxf4 20.Ne2 Nh5 21.Kh1 Qh4 22.Ng1 Ne6
23.Bb2 Ng5 24.Kg2 Nxh3 25.Nxh3 Qg4+ 26.Kf1 Qxh3+ 27.Ke2 Qg4+ 28.Kf1 Qf3 29.Kg1 Bh2+  0-1

[Event "Cannes op"]
[Site "Cannes"]
[Date "1993.??.??"]
[Round "2"]
[White "Sellos, Didier"]
[Black "Petit, Eric"]
[Result "1-0"]
[WhiteElo "2425"]
[BlackElo "2255"]

1.Nf3 Nf6 2.c4 g6 3.Nc3 Bg7 4.e4 d6 5.d4 O-O 6.Be2 Nbd7 7.O-O e5 8.Re1 c6
9.Bf1 a6 10.Rb1 b5 11.b4 Bb7 12.dxe5 Nxe5 13.Nxe5 dxe5 14.Be3 Qc7 15.f3 Rfd8
16.Qc1 Rac8 17.Qc2 Nd7 18.Rec1 Nf8 19.Qf2 Qe7 20.a4 Rd4 21.cxb5 cxb5 22.Bxd4 exd4
23.Nd5 Bxd5 24.Rxc8 Be6 25.Rxf8+ Qxf8 26.axb5 axb5 27.Bxb5 d3 28.Bxd3  1-0

[Event "Cannes op"]
[Site "Cannes"]
[Date "1993.??.??"]
[Round "6"]
[White "Rodighiero, Giuseppe"]
[Black "Petit, Eric"]
[Result "0-1"]
[WhiteElo "2230"]
[BlackElo "2255"]

1.d4 Nf6 2.Nf3 g6 3.c4 Bg7 4.Nc3 O-O 5.e4 d6 6.Be2 Nbd7 7.O-O e5 8.Qc2 c6
9.dxe5 dxe5 10.Rd1 Qe7 11.b3 Re8 12.a4 a5 13.Ba3 Nc5 14.b4 axb4 15.Bxb4 Bf8
16.Nd2 Qc7 17.Bxc5 Bxc5 18.Nb3 Bb4 19.f3 Be6 20.Nc1 Red8 21.N1a2 Bc5+ 22.Kf1 Bd4
23.Rab1 Nd7 24.Qb3 Ra7 25.Rdc1 Nc5 26.Qb4 Rda8 27.Rc2 Qd8 28.g3 Qg5 29.Kg2 Qe3
30.Rf1 Nxa4 31.Nd1 Qh6 32.Nf2 Nc5 33.Nc3 Ra1 34.Rxa1 Rxa1 35.Nfd1 Qf8 36.Rd2 Ra4
37.Qb6 Bxc4 38.Bxc4 Rxc4 39.Nb2 Na4 40.Qxb7 Rb4 41.Qxc6 Nxb2  0-1

[Event "Cannes op"]
[Site "Cannes"]
[Date "1993.??.??"]
[Round "6"]
[White "Peric, Slavisa"]
[Black "Strowsky, Yannick"]
[Result "1-0"]
[WhiteElo "2270"]
[BlackElo "2160"]

1.d4 Nf6 2.c4 g6 3.Nc3 Bg7 4.e4 d6 5.Nf3 O-O 6.Be2 e5 7.dxe5 dxe5 8.Qxd8 Rxd8
9.Nd5 c6 10.Nc7 Na6 11.Nxa8 Nxe4 12.O-O Be6 13.Ng5 Nxg5 14.Bxg5 Rxa8 15.Rad1 f6
16.Be3 Kf7 17.a3 Bf8 18.Rd2 Nc5 19.Rfd1 Be7 20.Bxc5 Bxc5 21.Rd8 Rxd8 22.Rxd8 a5
23.Rb8 b6 24.b4 axb4 25.axb4 Bxb4 26.Rxb6 c5 27.Rb7+ Kg8 28.Rc7 Bf7 29.Kf1 e4
30.g4 h6 31.Kg2 f5 32.gxf5 gxf5 33.Kg3 Bd2 34.Rxc5 f4+ 35.Kh3 f3 36.Bf1 Bf4
37.Kg4 Bd6 38.Rc6 Be6+ 39.Kh5 Bf7+ 40.Kg4 Be6+ 41.Kh4 Be7+ 42.Kg3 Bd7 43.Rxh6 Be8  1-0

[Event "Capablanca mem-D"]
[Site "?"]
[Date "1993.??.??"]
[Round "3"]
[White "Otero, Evelio"]
[Black "Espinosa, Julio"]
[Result "1-0"]
[WhiteElo "2365"]
[BlackElo "2375"]

1.c4 g6 2.Nc3 Bg7 3.d4 d6 4.e4 Nf6 5.Nf3 O-O 6.Be2 e5 7.O-O exd4 8.Nxd4 Re8
9.f3 Nh5 10.Be3 f5 11.Qd2 f4 12.Bf2 Be5 13.Rfd1 Bd7 14.c5 dxc5 15.Nb3 Qf6
16.Nxc5 Bc6 17.Nd5 Qg7 18.Qc2 g5 19.Nd3 Bd4 20.Bxd4 Qxd4+ 21.Nf2 Qg7 22.Ng4 a5
23.Bb5 a4 24.Bxc6 Nxc6 25.Rac1 Kh8 26.Qc3 Rac8 27.Qc4 Ne5 28.Nxe5 Rxe5 29.Nb6 Rg8
30.Rd7 cxb6 31.Rxg7 Nxg7 32.Qd4 Re7 33.Qxb6 g4 34.fxg4 Rxe4 35.Qxb7 Ree8
36.Qb4 Rb8 37.Qxf4 Rxb2 38.Qxa4 Rd8 39.h3 h6 40.Qf4 Kg8  1-0

[Event "Cappelle op"]
[Site "Cappelle la Grande"]
[Date "1993.??.??"]
[Round "1"]
[White "Garabedian, Vahakn"]
[Black "Urban, Klaudiusz"]
[Result "0-1"]
[WhiteElo "2215"]
[BlackElo "2450"]

1.d4 Nf6 2.c4 g6 3.Nc3 Bg7 4.e4 d6 5.Be2 O-O 6.Nf3 e5 7.dxe5 dxe5 8.Bg5 Nbd7
9.Qc2 c6 10.h3 Qe8 11.O-O Nh5 12.Rfe1 h6 13.Bd2 Nf4 14.Bf1 Ne6 15.Rad1 f5
16.exf5 gxf5 17.Na4 e4 18.c5 Nf6 19.Nh4 Qh5 20.g3 Nd5 21.Be2 Nd4 22.Bxh5 Nxc2
23.Re2 Nd4 24.Ree1 Nc2 25.Re2 b5 26.Nc3 Nd4 27.Ree1 Nf6 28.Bg6 b4 29.Ne2 Nxe2+
30.Rxe2 Nd5 31.Ng2 Ba6 32.Ree1 Bxb2 33.g4 fxg4 34.hxg4 Bd4 35.Rxe4 Bxf2+
36.Kh2 Nf6 37.Rf4 Bxc5 38.Rc1 Bd6 39.Kh3 Bb5  0-1

[Event "Cappelle op"]
[Site "Cappelle la Grande"]
[Date "1993.??.??"]
[Round "1"]
[White "Timoshchenko, Gennadi A"]
[Black "Daly, Colm"]
[Result "1-0"]
[WhiteElo "2525"]
[BlackElo "2275"]

1.d4 Nf6 2.c4 g6 3.Nc3 Bg7 4.e4 d6 5.Nf3 O-O 6.Be2 e5 7.Be3 Na6 8.O-O Ng4
9.Bg5 Qe8 10.dxe5 h6 11.Bc1 Nxe5 12.Nd4 Nc5 13.Be3 f5 14.exf5 gxf5 15.Nd5 Qd8
16.Nf4 Ng4 17.Bxg4 fxg4 18.b4 Bxd4 19.Qxd4 Ne6 20.Nxe6 Bxe6 21.Bxh6 Qf6 22.Qd2 Rf7
23.Rac1 Kh7 24.Be3 Rg8 25.Rfd1 Kg6 26.Rc3 Qe5 27.Bd4 Qf4 28.Re3 Re8 29.Qe1 Qf5
30.f3 Rff8 31.fxg4 Qf7 32.Rf3 Bxg4 33.Qg3 Qe6 34.Rxf8 Rxf8 35.h3  1-0

[Event "Cappelle op"]
[Site "Cappelle la Grande"]
[Date "1993.??.??"]
[Round "2"]
[White "Tisdall, Jonathan D"]
[Black "Rowson, Jonathan"]
[Result "1/2-1/2"]
[WhiteElo "2425"]
[BlackElo "2290"]

1.Nf3 Nf6 2.c4 g6 3.Nc3 Bg7 4.e4 d6 5.d4 O-O 6.Be2 e5 7.Be3 h6 8.dxe5 Ng4
9.exd6 Nxe3 10.fxe3 cxd6 11.O-O Bxc3 12.bxc3 Qe7 13.Qd2 Na6 14.Nd4 Nc5 15.Bf3 Be6
16.Nxe6 fxe6 17.Rad1 Rad8 18.Qe1 Kg7 19.Rd4 h5 20.e5 dxe5 21.Rxd8 Rxd8 22.Qg3 Kh6
23.Qxe5 Qg5 24.Qxg5+ Kxg5 25.Rd1 Rxd1+ 26.Bxd1 b6 27.Bc2 Nd7 28.Kf2 Kf6 29.h4 Ne5
30.Bb3 Kf5 31.g3 Ng4+ 32.Kf3 Ne5+ 33.Kf2 Nf7 34.Kf3 Nd6 35.Bc2+ Kf6 36.Bd3 e5
37.Bf1 Kf5 38.Bh3+ Kf6 39.Bf1 Nb7 40.Bd3 Nc5 41.Bc2 g5 42.g4 gxh4 43.gxh5 Kg5
44.h6 e4+ 45.Bxe4 Kxh6 46.Bf5 Kg5 47.e4 Na4 48.Bd7 Nc5 49.Bc8 Kf6 50.Kf4 Ne6+
51.Kg4 Ke5 52.Kxh4 Nc5 53.Kg4 Kxe4 54.Bf5+ Ke3 55.Bg6 Kd2 56.Kf5 Kxc3 57.Ke5 Kxc4
58.Kd6 Kb4 59.Kc6 Ka3 60.Bf7 Kb4 61.Bg8 Na4  1/2-1/2

[Event "Cappelle op"]
[Site "Cappelle la Grande"]
[Date "1993.??.??"]
[Round "4"]
[White "Duer, Arne"]
[Black "Kraschl, Joerg"]
[Result "1/2-1/2"]
[WhiteElo "2390"]
[BlackElo "2225"]

1.c4 g6 2.Nc3 Bg7 3.d4 Nf6 4.e4 d6 5.Nf3 O-O 6.Be2 e5 7.Be3 c6 8.O-O exd4
9.Bxd4 Re8 10.Qc2 Nbd7 11.Rad1 Qe7 12.Rfe1 a5 13.h3 Nc5 14.Bf1 Be6 15.b3 Rad8
16.a3 Bc8 17.b4 axb4 18.axb4 Ncd7 19.Qb2 Ne5 20.Nxe5 dxe5 21.Bb6 Rxd1 22.Rxd1 Nd7
23.Be3 Nf8 24.Na4 Ne6 25.Nb6 Nd4 26.Nxc8 Rxc8 27.c5 Rd8 28.Ra1 Bf6 29.Bc4 Bg5
30.Rf1 Rd7 31.Kh1 Bf6 32.Qa2 Kg7 33.Rd1 Rd8 34.Rd3 Ne6 35.Rxd8 Nxd8 36.Qd2 h5
37.b5 cxb5 38.Bxb5 Ne6 39.Qd5 Qc7 40.c6 bxc6  1/2-1/2

[Event "Cappelle op"]
[Site "Cappelle la Grande"]
[Date "1993.??.??"]
[Round "7"]
[White "Thuesen, Mogens"]
[Black "Lane, Gary W"]
[Result "1/2-1/2"]
[WhiteElo "2275"]
[BlackElo "2420"]

1.d4 Nf6 2.c4 d6 3.Nc3 Nbd7 4.e4 e5 5.Nf3 g6 6.Be2 Bg7 7.O-O O-O 8.Re1 h6
9.Bf1 c6 10.b3 exd4 11.Nxd4 Ng4 12.Qxg4 Bxd4 13.Qg3 Qf6 14.Bd2 Ne5 15.h3 Bxh3
16.Rac1 Be6 17.Ne2 Bb6 18.c5 Bxc5 19.Rxc5 dxc5 20.Bc3 Qg5 21.Bxe5 Qxg3 22.Nxg3 Rfd8
23.Bf4 Kh7 24.Rc1 b6 25.Be2 Rd7 26.Nf1 a5 27.Nd2 a4 28.Bc4 Rad8 29.Rc2 b5
30.Bxe6 fxe6 31.bxa4 c4 32.axb5 cxb5 33.Nf3 Ra8 34.Be5 Rda7 35.Rb2 Rb7 36.Nd2 Ra4
37.a3 b4 38.axb4 Rbxb4 39.Rc2 Rb5 40.f4 Rc5 41.Kf2 Rc8 42.Nf3 Rca8 43.Ke2 Ra2
44.Kd2 R8a3 45.Bc3 Ra8 46.Nd4 Rxc2+ 47.Kxc2 g5 48.Nxe6 gxf4 49.Nxf4 Rf8 50.g3 Rg8
51.Nh5 Rg5 52.Nf6+ Kg6 53.g4 Rb5 54.e5 Kf7 55.Nh5 Rb3 56.Nf4 Ke7 57.Ne2 Ke8
58.Nd4 Rb6 59.Bd2 Rg6 60.Kc3 Rxg4 61.Bxh6 Re4 62.Bg7 Rg4 63.Bf6 Rf4 64.Bg5 Rg4
65.Bc1 Re4 66.Nf3 Kd7 67.Kd2 Ke6 68.Bb2 Kf5 69.Bc3 Kg4 70.Ng1 Kf5 71.Nf3  1/2-1/2

[Event "Cappelle op"]
[Site "Cappelle la Grande"]
[Date "1993.??.??"]
[Round "8"]
[White "Tisdall, Jonathan D"]
[Black "Timoshchenko, Gennadi A"]
[Result "1/2-1/2"]
[WhiteElo "2425"]
[BlackElo "2525"]

1.Nf3 Nf6 2.c4 g6 3.Nc3 Bg7 4.e4 d6 5.d4 O-O 6.Be2 e5 7.Be3 Na6 8.O-O Ng4
9.Bg5 f6 10.Bc1 Nh6 11.dxe5 dxe5 12.Qxd8 Rxd8 13.Nd5 Nf7 14.Be3 Kf8 15.Rfd1 c6
16.Nc3 Rxd1+ 17.Rxd1 Ke7 18.a3 Bh6 19.Bxh6 Nxh6 20.h3 Be6 21.Kf1 Nf7 22.Ke1 h6
23.Nd2 Rd8 24.b4 Nc7 25.Nb3 Rxd1+ 26.Kxd1 b6 27.h4 Nd6 28.Nd2 Bf7 29.g3 Ne6
30.Bd3 g5 31.hxg5 fxg5 32.g4 Nf4 33.Kc2 Be6 34.f3 Bf7 35.Nd1 h5 36.gxh5 Bxh5
37.Ne3 Ne6 38.Be2 Nd4+ 39.Kd3 Bf7 40.Bd1 Bh5 41.Nef1 Ne8 42.Ke3 Ng7 43.Ng3 Bf7
44.Ne2 Nge6 45.Nc3 Nf4 46.Na4 Nfe6 47.Nb2 c5 48.Nd3 Kd6 49.b5 Nd8 50.Nf2 Be6
51.Kd3 Nb7 52.Nh1 Na5 53.Ng3 Ke7 54.Kc3 Kf6 55.Kd3 Bg8 56.Kc3 Bf7 57.Kd3 Ne6
58.Nf5 Nf4+ 59.Kc3 Be6 60.Ng3 Kg6 61.Be2 Ng2 62.Ndf1 Bh3 63.Nd2 Nf4 64.Bd1 Nb7
65.Nb3 Nd6 66.Nd2 Bg2 67.Bc2 Bh3 68.Bd1 Ne8 69.a4 Nf6 70.a5 N4h5 71.Nh1 Be6
72.a6 Nd7  1/2-1/2

[Event "Cappelle op"]
[Site "Cappelle la Grande"]
[Date "1993.??.??"]
[Round "9"]
[White "Hutters, Tomas"]
[Black "Brustman, Agnieszka"]
[Result "0-1"]
[WhiteElo "2445"]
[BlackElo "2300"]

1.Nf3 Nf6 2.c4 g6 3.Nc3 Bg7 4.e4 d6 5.d4 O-O 6.Be3 e5 7.Be2 Qe7 8.dxe5 dxe5
9.Nd5 Nxd5 10.cxd5 Qb4+ 11.Nd2 Qxb2 12.Rc1 b6 13.Rxc7 Qxa2 14.O-O Ba6 15.Bxa6 Nxa6
16.Rc4 Qa3 17.Ra4 Qd3 18.Qa1 Nc5 19.Ra3 Qb5 20.Rb1 Qe2 21.Rxa7 Rxa7 22.Qxa7 Qd3
23.Qxb6 Nxe4 24.Nxe4 Qxe4 25.d6 Qd3 26.h3 e4 27.Rc1 Be5 28.Bh6 Re8 29.Qc6 Rd8
30.d7 Rxd7 31.Qc5 Qd1+  0-1

[Event "Cappelle op"]
[Site "Cappelle la Grande"]
[Date "1993.??.??"]
[Round "9"]
[White "Safyanovsky, Mark"]
[Black "Urban, Klaudiusz"]
[Result "0-1"]
[WhiteElo "2295"]
[BlackElo "2450"]

1.d4 Nf6 2.Nf3 g6 3.c4 Bg7 4.Nc3 O-O 5.e4 d6 6.Be2 e5 7.dxe5 dxe5 8.Qxd8 Rxd8
9.Bg5 c6 10.Nxe5 Re8 11.O-O-O Na6 12.Nf3 Nc5 13.Nd2 Ng4 14.Bxg4 Bxg4 15.f3 Be6
16.Kc2 b5 17.Be3 Na6 18.cxb5 cxb5 19.Nb3 Rec8 20.Kd2 Nb4 21.Nd4 Nxa2 22.Nxa2 Bxa2
23.Ke2 a5 24.Kf2 a4 25.Rd2 b4 26.Ra1 b3 27.Rad1 h5 28.Nb5 Rab8 29.Na3 Bf8
30.Bd4 Bb4 31.Re2 Rd8 32.Ke3 Bxa3 33.bxa3 b2 34.Bxb2 Rxd1 35.Be5 Re8  0-1

[Event "Cattolica"]
[Site "Cattolica"]
[Date "1993.??.??"]
[Round "2"]
[White "Shneider, Aleksandr"]
[Black "Brancaleoni, Maurizio"]
[Result "1-0"]
[WhiteElo "2560"]
[BlackElo "2195"]

1.d4 Nf6 2.c4 g6 3.Nc3 Bg7 4.e4 d6 5.Be2 O-O 6.Nf3 e5 7.O-O Na6 8.Re1 c6
9.Bf1 Bg4 10.d5 Nb4 11.Be2 a5 12.h3 Bc8 13.Be3 c5 14.a3 Na6 15.Nd2 Ne8 16.Rf1 h5
17.Qc1 f5 18.exf5 gxf5 19.f4 Nf6 20.Qd1 h4 21.fxe5 dxe5 22.Bg5 e4 23.Qe1 Qe8
24.Qxh4 e3 25.Nf3 Ne4 26.Be7 Bxc3 27.bxc3 Rf7 28.d6 Rh7 29.Qf4 Rg7 30.Ng5 Nxc3
31.Bf3 Qg6 32.Qxe3  1-0

[Event "Cattolica"]
[Site "Cattolica"]
[Date "1993.??.??"]
[Round "9"]
[White "Naumkin, Igor"]
[Black "Palos, Osman"]
[Result "1-0"]
[WhiteElo "2450"]
[BlackElo "2390"]

1.d4 Nf6 2.c4 g6 3.Nc3 Bg7 4.e4 d6 5.Nf3 O-O 6.Be2 Nbd7 7.O-O e5 8.Be3 exd4
9.Nxd4 Re8 10.f3 c6 11.Qd2 Qc7 12.Kh1 a5 13.Rad1 a4 14.b4 axb3 15.axb3 Ra5
16.b4 Rae5 17.Bf4 Nh5 18.Bxe5 dxe5 19.Nc2 Nf4 20.Rfe1 h5 21.Bf1 h4 22.Qf2 Bf6
23.Ne3 b6 24.b5 Bb7 25.Qd2 Rd8 26.bxc6 Bxc6 27.Qd6 Qc8 28.Ncd5 Bxd5 29.Nxd5 Nxd5
30.cxd5 Kg7 31.Rc1 Qb7 32.Rc7 Qb8 33.Qc6 Nc5 34.Rb1 Qa8 35.Qxb6 Nd7 36.Qa7  1-0

[Event "Ceske Budejovice op"]
[Site "Ceske Budejovice"]
[Date "1993.??.??"]
[Round "2"]
[White "Vybiral, Zdenek"]
[Black "Gazik, Igor"]
[Result "1-0"]
[WhiteElo "2255"]
[BlackElo "2410"]

1.d4 Nf6 2.c4 g6 3.Nc3 Bg7 4.e4 d6 5.Be2 O-O 6.Nf3 e5 7.O-O Nbd7 8.Qc2 Re8
9.d5 Rf8 10.Ne1 Ne8 11.Be3 f5 12.f3 f4 13.Bf2 g5 14.Nd3 h5 15.c5 Ndf6 16.Rfc1 g4
17.cxd6 cxd6 18.a4 Rf7 19.a5 Bh6 20.Nb5 g3 21.Bxa7 Nxe4 22.fxe4 Qh4 23.Bf3 Bd7
24.Nxd6 Nxd6 25.Bc5 Nxe4 26.h3 Bf5 27.Qe2 Ng5 28.Nxe5 Re8 29.Bd6 Bg7 30.Bxh5 f3
31.Bxf7+ Nxf7 32.Nxf3 Qd4+ 33.Nxd4 Bxd4+ 34.Kf1 Nxd6 35.Qf3 Rf8 36.Ke2 Re8+
37.Kd1 Bf2 38.Ra4  1-0

[Event "Ceske Budejovice op"]
[Site "Ceske Budejovice"]
[Date "1993.??.??"]
[Round "3"]
[White "Banas, Jan"]
[Black "Zusunov, M."]
[Result "0-1"]
[WhiteElo "2380"]
[BlackElo "2200"]

1.c4 g6 2.e4 Bg7 3.d4 d6 4.Nc3 Nf6 5.Be2 O-O 6.Nf3 e5 7.d5 a5 8.Bg5 h6 9.Bh4 Na6
10.Nd2 Nc5 11.b3 Qe8 12.a3 Bd7 13.Rb1 Nh5 14.O-O Nf4 15.Nb5 Qc8 16.f3 Bh3
17.Rf2 Bxg2 18.Rxg2 Qh3 19.Rg4 Nxe2+ 20.Qxe2 h5 21.Rg3 Qxh4 22.Nxc7 Rac8
23.Nb5 Rfd8 24.Kh1 Bh6 25.Nf1 a4 26.bxa4 Nxa4 27.Rb4 Nc5 28.Rb1 Qf4 29.Rg2 Kh7
30.Nd2 Rd7 31.Na7 Rf8 32.Nb3 Nxb3 33.Rxb3 f5 34.Nb5 fxe4 35.fxe4 Rf6 36.Rg1 Rdf7
37.Rbg3 Qh4 38.R3g2 Rf2 39.Qd3 R7f3 40.Qb1 Bf4 41.Rxf2 Rxf2 42.Rg2 Rxg2 43.Kxg2 Qxh2+
44.Kf3 Qg3+ 45.Ke2 Qg2+  0-1

[Event "Ceske Budejovice op"]
[Site "Ceske Budejovice"]
[Date "1993.??.??"]
[Round "3"]
[White "Gross, Stefan"]
[Black "Golod, Vitali"]
[Result "1-0"]
[WhiteElo "2330"]
[BlackElo "2490"]

1.Nf3 Nf6 2.c4 g6 3.Nc3 Bg7 4.e4 d6 5.d4 O-O 6.Be2 e5 7.Be3 Ng4 8.Bg5 f6
9.Bh4 g5 10.Bg3 Nh6 11.d5 f5 12.exf5 Nxf5 13.Nd2 Nd4 14.O-O Bf5 15.Nde4 Nd7
16.Bg4 h6 17.Bxf5 Rxf5 18.Ne2 Nf6 19.Nxd4 exd4 20.Re1 Qf8 21.Nxf6+ Qxf6 22.Re6 Qf7
23.Qd3 h5 24.h4 Rf8 25.Rae1 gxh4 26.Bxh4 Rf4 27.Re7 Qf5 28.Qxf5 R8xf5 29.Bg3 Rg4
30.Rxc7 Rfg5 31.Kf1 b5 32.b3 h4 33.Bxd6 h3 34.Bg3 Rxg3 35.Re8+ Kh7 36.gxh3 Rxh3
37.d6 d3 38.Ke1 bxc4 39.bxc4 Rg6 40.c5 Rg4 41.Ree7 d2+ 42.Kxd2 Rh5 43.d7 Rd5+
44.Ke2 Kh6 45.Rc6+ Rg6 46.Rxg6+ Kxg6 47.Rxg7+  1-0

[Event "JUG-chT"]
[Site "Cetinje"]
[Date "1993.??.??"]
[Round "?"]
[White "Tosic, Miroslav"]
[Black "Miljanic, Boro"]
[Result "0-1"]
[WhiteElo "2465"]
[BlackElo "2370"]

1.d4 Nf6 2.c4 g6 3.Nc3 Bg7 4.e4 d6 5.Nf3 O-O 6.Be2 e5 7.O-O exd4 8.Nxd4 Re8
9.f3 Nh5 10.g4 Nf6 11.Bg5 Nc6 12.Nxc6 bxc6 13.Qd2 Ba6 14.Rf2 Qb8 15.Bf1 Qb6
16.c5 Qb7 17.cxd6 Bxf1 18.Raxf1 Rad8 19.Qf4 Rxd6 20.Rd1 Rxd1+ 21.Nxd1 Nd7
22.Rd2 Nc5 23.Kg2 Qb4 24.Rc2 Nd3 25.Qd2 Ne1+ 26.Kf2 Nxc2 27.Qxc2 Bd4+ 28.Be3 Rd8
29.Bxd4 Qxd4+ 30.Ke2 Qg1 31.Nf2 Qxh2 32.Qxc6 Qe5 33.Nd3 Qd4 34.Qc2 Qd6 35.Qc3 Qa6
36.Ke3 Rd6 37.a3 Qb6+ 38.Ke2 Rc6 39.Qd2 Qb3 40.Nb4 Rd6 41.Nd5 Qc4+ 42.Ke3 Qc5+
43.Kf4 c6 44.b4 Qg1  0-1

[Event "JUG-chT"]
[Site "Cetinje"]
[Date "1993.??.??"]
[Round "?"]
[White "Vasiljevic, Dragan"]
[Black "Damljanovic, Branko"]
[Result "1/2-1/2"]
[WhiteElo "2405"]
[BlackElo "2570"]

1.d4 Nf6 2.Nf3 g6 3.c4 Bg7 4.Nc3 d6 5.e4 O-O 6.Be2 e5 7.d5 a5 8.Bg5 h6 9.Bh4 Na6
10.Nd2 Qe8 11.O-O Bd7 12.Nb5 Nh7 13.a3 h5 14.f3 Bh6 15.Kh1 Qb8 16.b3 c6 17.Nc3 Nc5
18.Rb1 cxd5 19.Nxd5 Be6 20.Qc2 Bxd5 21.exd5 Nd7 22.Ne4 f5 23.Nc3 Rf7 24.b4 Bg5
25.Bf2  1/2-1/2

[Event "Cheliabinsk"]
[Site "Cheliabinsk"]
[Date "1993.??.??"]
[Round "?"]
[White "Tolstikh, Nikolay"]
[Black "Temirbaev, Serik"]
[Result "1-0"]
[WhiteElo "2380"]
[BlackElo "2450"]

1.c4 Nf6 2.Nf3 g6 3.Nc3 Bg7 4.e4 d6 5.d4 O-O 6.Be2 e5 7.dxe5 dxe5 8.Qxd8 Rxd8
9.Bg5 Re8 10.Nd5 Nxd5 11.cxd5 c6 12.Bc4 cxd5 13.Bxd5 Na6 14.Ke2 Nc7 15.Bb3 Bd7
16.Nd2 Ne6 17.Be3 Nf4+ 18.Kf3 h5 19.h3 Bc6 20.Nc4 Kh7 21.Na5 f5 22.Nxc6 fxe4+
23.Kxe4 bxc6 24.Rhc1 Rac8 25.Rc2 Nxg2 26.Bxa7 Nf4 27.Be3 Bh6 28.Rd1 Re7 29.Rd6 Nxh3
30.Be6 Nxf2+ 31.Rxf2 Rb8 32.Bxh6 Kxh6 33.Rg2 Rb4+ 34.Kxe5 h4 35.Kf6 Rg7 36.Rg4 Rxg4
37.Bxg4 Rb7 38.Rd8  1-0